Statistiken für Berlin Bus Quiz Linie 100

Klicken Sie hier um das Quiz zu spielen!

Allgemein

  • Dieses Quiz wurde 20 mal gespielt
  • Das Durchschnittsergebnis liegt bei 9 aus 19

Antwortstatistiken

LinieAntworten% Korrekt
Linie 100Zoologischer Garten
83%
Linie 100Reichstag/​Bundestag
78%
Linie 100S+U Brandenburger Tor
78%
Linie 100U Unter den Linden
78%
Linie 100Haus der Kulturen der Welt
61%
Linie 100U Museumsinsel
56%
Linie 100Großer Stern
56%
Linie 100Hertzallee
44%
Linie 100Schillstr
44%
Linie 100S+U Alexanderplatz/​Memhardstr.
44%
Linie 100Nord.Botschaften/​Adenauer-Stiftg
44%
Linie 100Schloss Bellevue
44%
Linie 100Breitscheidplatz
39%
Linie 100Lützowplatz
39%
Linie 100Spandauer Str./​Marienkirche
39%
Linie 100Bayreuther Str.
33%
Linie 100Memhardstr.
33%
Linie 100Staatsoper
28%
Linie 100Platz der Republik
22%

Verteilung der Resultate

Perzentil nach korrekt beantworteten Fragen

Anzahl Personen mit jedem Resultat

Ihre Resultats-Entwicklung

Sie haben dieses Quiz noch nicht gespielt